00251nam a2200085Ia 4500008004100000100002600041245004600067260004300113260000900156170620s9999 xx 000 0 und d aSharma- R. A. (Hindi) 0aShiksha Anusandhan evam Sankhyaki (Hindi) bMeerut- International Publishing House c2009